Elements of power system (Record no. 4839)

MARC details
000 -LEADER
fixed length control field 00407nam a22001697a 4500
005 - DATE AND TIME OF LATEST TRANSACTION
control field 20160630101304.0
008 - FIXED-LENGTH DATA ELEMENTS--GENERAL INFORMATION
fixed length control field 160630b xxu||||| |||| 00| 0 eng d
020 ## - INTERNATIONAL STANDARD BOOK NUMBER
ISBN 978-93-5014-073-7
041 ## - LANGUAGE CODE
Language code of text/sound track or separate title eng
082 ## - DEWEY DECIMAL CLASSIFICATION NUMBER
Item number 19157
100 ## - MAIN ENTRY--AUTHOR NAME
Personal name Gupta, J B
245 ## - TITLE STATEMENT
Title Elements of power system
260 ## - PUBLICATION, DISTRIBUTION, ETC. (IMPRINT)
Name of publisher S.K. Kataria & Sons
Year of publication 2012
300 ## - PHYSICAL DESCRIPTION
Number of Pages 372
650 ## - SUBJECT ADDED ENTRY--TOPICAL TERM
Topical Term Diploma Engineering
942 ## - ADDED ENTRY ELEMENTS (KOHA)
Koha item type Books
Holdings
Lost status Damaged status Home library Current library Shelving location Date acquired Cost, normal purchase price Full call number Accession Number Koha item type
    JRU Library   SHELF-36-F 30/06/2016 265.00 19157 19157 Books
    JRU Library   SHELF-36-F 30/06/2016 265.00 19157 19158 Books
    JRU Library   SHELF-36-F 30/06/2016 265.00 19157 19159 Books
    JRU Library   SHELF-36-F 30/06/2016 265.00 19157 19160 Books
    JRU Library   SHELF-36-F 30/06/2016 265.00 19157 19161 Books
    JRU Library   SHELF-36-F 30/06/2016 265.00 19157 19162 Books
    JRU Library   SHELF-36-F 30/06/2016 265.00 19157 19163 Books
    JRU Library   SHELF-36-F 30/06/2016 265.00 19157 19164 Books
    JRU Library   SHELF-36-F 30/06/2016 265.00 19157 19165 Books
    JRU Library   SHELF-36-F 30/06/2016 265.00 19157 19166 Books
    JRU Library   SHELF-36-F 30/06/2016 265.00 19157 19167 Books
    JRU Library   SHELF-36-F 30/06/2016 265.00 19157 19168 Books
    JRU Library   SHELF-36-F 30/06/2016 265.00 19157 19169 Books
    JRU Library   SHELF-36-F 30/06/2016 265.00 19157 19170 Books
    JRU Library   SHELF-36-F 30/06/2016 265.00 19157 19171 Books
    JRU Library   SHELF-36-F 30/06/2016 265.00 19157 19172 Books